000 00723cab a22002055a 4500
001 L157926
008 130723e20130613xxk 000 0 eng d
035 _a(Sirsi) u157926
041 0 _aeng
100 1 _aWarner, M.
245 0 0 _aBribery
_bDon't Pay the Price
260 _c2013
490 _aEstates Gazette
_v(1328) 13 July 2013, 74-76(3)
520 _aDiscusses what constitutes bribery and when estate agents could find themselves on the wrong side of the law. Includes what a bribe is to an agent, where borderline cases are likely to fall and the consequences if a bribe is taken.
590 _aKA
651 4 _aUnited Kingdom
690 _aCommercial property
_96227
700 1 _aBlair, Peter
942 _n0
999 _c84488
_d84488